[Event "Tradewise Gibraltar Masters 16th"]
[Site "Gibraltar"]
[Date "2018.01.25"]
[Round "3.111"]
[White "Sajjadi, Kimiya"]
[Black "Mifsud, T."]
[Result "1-0"]
[WhiteElo "1911"]
[BlackElo "2250"]
[PlyCount "87"]
[EventDate "2018.01.23"]
[EventType "swiss"]
[EventRounds "10"]
[EventCountry "GGB"]
[SourceTitle "BritBase"]
[Source "www.saund.co.uk"]
[SourceDate "2018.02.10"]
[SourceVersion "1"]
[SourceVersionDate "2018.02.10"]
[SourceQuality "1"]

1. d4 d5 2. c4 e6 3. Nc3 c6 4. Nf3 dxc4 5. a4 Bb4 6. e3 b5 7. axb5 cxb5 8. Bd2
Bxc3 9. Bxc3 Nc6 10. d5 exd5 11. Bxg7 f6 12. Bxh8 Kf8 13. Nd4 Qb6 14. Be2 Ne5
15. O-O Ng6 16. Bf3 Bb7 17. Bxf6 Nxf6 18. Qd2 b4 19. Rfd1 Ne5 20. e4 Nxf3+ 21.
gxf3 dxe4 22. Nf5 e3 23. Qxe3 Qxe3 24. Nxe3 Bxf3 25. Rd6 Kf7 26. Raa6 Ne8 27.
Rd7+ Kg8 28. Nxc4 Be2 29. Rc6 a6 30. Re7 Bf3 31. Rce6 Ng7 32. Re3 Bh5 33. Rg3
Bg6 34. Rb7 Rd8 35. Ne3 Rc8 36. Ra7 Ne6 37. Rg4 Rc5 38. h4 Kf8 39. Rc4 Re5 40.
Rc8+ Be8 41. Rxh7 Nd4 42. Rh8+ Kf7 43. Rc7+ Kg6 44. Rg8+ 1-0

[Event "Tradewise Gibraltar Masters 16th"]
[Site "Gibraltar"]
[Date "2018.01.25"]
[Round "3.112"]
[White "Semprun Martinez, Fernando"]
[Black "Gillis Onieva, Celia"]
[Result "0-1"]
[WhiteElo "2209"]
[BlackElo "1848"]
[PlyCount "76"]
[EventDate "2018.01.23"]
[EventType "swiss"]
[EventRounds "10"]
[EventCountry "GGB"]
[SourceTitle "BritBase"]
[Source "www.saund.co.uk"]
[SourceDate "2018.02.10"]
[SourceVersion "1"]
[SourceVersionDate "2018.02.10"]
[SourceQuality "1"]

1. e4 e6 2. d4 d5 3. Nc3 Nf6 4. e5 Nfd7 5. f4 c5 6. Nf3 Nc6 7. Be3 Be7 8. Qd2
O-O 9. Be2 a6 10. O-O b5 11. a3 Bb7 12. Nd1 Qc7 13. c3 Na5 14. Qc2 f6 15. f5
fxe5 16. fxe6 cxd4 17. Bxd4 exd4 18. exd7 dxc3 19. b4 Nc4 20. Bd3 Qxd7 21.
Bxh7+ Kh8 22. Re1 d4 23. Ne5 Nxe5 24. Rxe5 Rf6 25. Bf5 Raf8 26. Ne3 Qd6 27. Ng4
Rxf5 28. Rxf5 Rxf5 29. Qxf5 Qd5 30. Qxd5 Bxd5 31. Kf2 c2 32. Ke2 Bg5 33. Kd3
c1=Q 34. Rxc1 Bxc1 35. Kxd4 Bxg2 36. Ne3 Bb7 37. Nc2 Kg8 38. Kc5 Be4 0-1

[Event "Tradewise Gibraltar Masters 16th"]
[Site "Gibraltar"]
[Date "2018.01.25"]
[Round "3.113"]
[White "Mayank, Pal"]
[Black "Longa Yauca, Javier"]
[Result "0-1"]
[WhiteElo "1834"]
[BlackElo "2198"]
[PlyCount "98"]
[EventDate "2018.01.23"]
[EventType "swiss"]
[EventRounds "10"]
[EventCountry "GGB"]
[SourceTitle "BritBase"]
[Source "www.saund.co.uk"]
[SourceDate "2018.02.10"]
[SourceVersion "1"]
[SourceVersionDate "2018.02.10"]
[SourceQuality "1"]

1. Nf3 Nf6 2. g3 d5 3. Bg2 Nbd7 4. d4 e6 5. O-O Be7 6. c4 O-O 7. Nc3 c6 8. Qc2
dxc4 9. e4 Nb6 10. a4 a5 11. Bg5 h6 12. Bxf6 gxf6 13. Rad1 Bb4 14. Ne2 Qe7 15.
Nf4 e5 16. Ne2 Bg4 17. h3 Bxf3 18. Bxf3 Rfd8 19. g4 Qc7 20. d5 Bf8 21. h4 Rd7
22. Ng3 Rad8 23. Nh5 Bg7 24. g5 fxg5 25. hxg5 hxg5 26. Qc1 Rd6 27. Bg4 cxd5 28.
Bf5 Qe7 29. Kg2 dxe4 30. Nxg7 Kxg7 31. Rxd6 Rxd6 32. Rh1 Qf6 33. Rh7+ Kf8 34.
Bxe4 Qf4 35. Qxf4 gxf4 36. Rh8+ Kg7 37. Re8 Kf6 38. Rb8 Nxa4 39. Rxb7 Nc5 40.
Rc7 Nxe4 41. Rxc4 f3+ 42. Kh2 Kf5 43. Rc7 Rh6+ 44. Kg1 f6 45. Rc2 Ng5 46. b4 a4
47. b5 Ne6 48. Rc3 e4 49. b6 Nd4 0-1

[Event "Tradewise Gibraltar Masters 16th"]
[Site "Gibraltar"]
[Date "2018.01.25"]
[Round "3.114"]
[White "Cherigui, Mourad"]
[Black "Bendayan Claros, Aaron"]
[Result "1/2-1/2"]
[WhiteElo "1892"]
[BlackElo "2191"]
[PlyCount "83"]
[EventDate "2018.01.23"]
[EventType "swiss"]
[EventRounds "10"]
[EventCountry "GGB"]
[SourceTitle "BritBase"]
[Source "www.saund.co.uk"]
[SourceDate "2018.02.10"]
[SourceVersion "1"]
[SourceVersionDate "2018.02.10"]
[SourceQuality "1"]

1. e4 c6 2. Nc3 d5 3. Nf3 dxe4 4. Nxe4 Nf6 5. Nxf6+ exf6 6. d4 Bd6 7. Bd3 O-O
8. Be3 Bg4 9. h3 Be6 10. Qd2 Qc7 11. g4 Re8 12. c4 Qe7 13. O-O-O b5 14. d5 cxd5
15. cxd5 Bb4 16. Bxh7+ Kxh7 17. Qd3+ Kg8 18. dxe6 Qxe6 19. Qd7 Nc6 20. Qxe6
Rxe6 21. Rd3 a6 22. Rhd1 Rc8 23. Kb1 Bf8 24. Nd4 Nxd4 25. Rxd4 Rec6 26. Rd8 Kh7
27. Rxc8 Rxc8 28. Rd7 Kg6 29. h4 f5 30. gxf5+ Kxf5 31. Rxf7+ Kg4 32. Bg5 a5 33.
f3+ Kg3 34. Be7 Rc7 35. Rxf8 Rxe7 36. Rf5 Rb7 37. h5 a4 38. b4 axb3 39. axb3
Rc7 40. Kb2 Rb7 41. Kc2 Rc7+ 42. Kb2 1/2-1/2

[Event "Tradewise Gibraltar Masters 16th"]
[Site "Gibraltar"]
[Date "2018.01.25"]
[Round "3.115"]
[White "Sanjuan Garcia, Miguel"]
[Black "Perez Garcia, Alejandro"]
[Result "0-1"]
[WhiteElo "2019"]
[BlackElo "2357"]
[PlyCount "188"]
[EventDate "2018.01.23"]
[EventType "swiss"]
[EventRounds "10"]
[EventCountry "GGB"]
[SourceTitle "BritBase"]
[Source "www.saund.co.uk"]
[SourceDate "2018.02.10"]
[SourceVersion "1"]
[SourceVersionDate "2018.02.10"]
[SourceQuality "1"]

1. e4 e5 2. Nc3 Nc6 3. g3 Bc5 4. Bg2 d6 5. Nge2 f5 6. d3 Nf6 7. O-O fxe4 8.
dxe4 Bg4 9. h3 Be6 10. Na4 O-O 11. Nxc5 dxc5 12. Be3 Bc4 13. Re1 Nd4 14. Nc1
Qe8 15. c3 Ne6 16. Qc2 Rd8 17. Rd1 Qh5 18. Nb3 b6 19. Rd2 Ng5 20. Bxg5 Qxg5 21.
Rad1 Rde8 22. Nc1 h5 23. Qa4 Be6 24. h4 Qg6 25. Qc6 Bg4 26. Ne2 Qf7 27. f3 Be6
28. b3 c4 29. b4 Rb8 30. Kh2 Qe7 31. a4 b5 32. a5 Bc8 33. Bh3 Bxh3 34. Kxh3 Qf7
35. Ng1 Rfe8 36. Kg2 Re6 37. Qc5 a6 38. Nh3 Qe7 39. Qa7 Re8 40. Ng5 c5 41. Rd7
Nxd7 42. Rxd7 Qf6 43. Nxe6 Rxe6 44. Qxc5 Kh7 45. Qd5 Qh6 46. Rd8 Qf6 47. Kf2
Qh6 48. Ke2 Qg6 49. Kf1 Qxg3 50. Qxe6 Qxf3+ 51. Ke1 Qxc3+ 52. Rd2 Qe3+ 53. Kd1
Qf3+ 54. Re2 Qf1+ 55. Kd2 c3+ 56. Ke3 Qf4+ 57. Kd3 Qf3+ 58. Re3 Qd1+ 59. Kxc3
Qd4+ 60. Kc2 Qxe3 61. Qf5+ Kh6 62. Qe6+ Kh7 63. Qf5+ Kh6 64. Qe6+ g6 65. Qf6
Qxe4+ 66. Kd1 Qg4+ 67. Ke1 Qxb4+ 68. Kd1 Qd4+ 69. Kc2 Qa7 70. Qh8+ Qh7 71. Qf6
Qc7+ 72. Kb1 e4 73. Qh8+ Qh7 74. Qf8+ Qg7 75. Qf4+ g5 76. Qd6+ Qg6 77. hxg5+
Kxg5 78. Qg3+ Kf5 79. Qf2+ Ke5 80. Qc5+ Ke6 81. Qb6+ Kf7 82. Qc7+ Kg8 83. Qb8+
Kg7 84. Qa7+ Qf7 85. Qxa6 b4 86. Qb6 Qb3+ 87. Kc1 Qc3+ 88. Kd1 b3 89. Qa7+ Kf6
90. Qb6+ Kf5 91. Qb5+ Kf4 92. Qb8+ Kf3 93. Qf8+ Kg2 94. Qg7+ Qxg7 0-1

[Event "Tradewise Gibraltar Masters 16th"]
[Site "Gibraltar"]
[Date "2018.01.25"]
[Round "3.116"]
[White "Adewole, Adeyinka"]
[Black "Sanchez Jerez, Emilio Miguel"]
[Result "0-1"]
[WhiteElo "2001"]
[BlackElo "2330"]
[PlyCount "100"]
[EventDate "2018.01.23"]
[EventType "swiss"]
[EventRounds "10"]
[EventCountry "GGB"]
[SourceTitle "BritBase"]
[Source "www.saund.co.uk"]
[SourceDate "2018.02.10"]
[SourceVersion "1"]
[SourceVersionDate "2018.02.10"]
[SourceQuality "1"]

1. Nf3 Nf6 2. g3 g6 3. b3 Bg7 4. Bb2 O-O 5. Bg2 d6 6. d4 Nc6 7. Nbd2 a5 8. a3
e5 9. dxe5 Nd7 10. Nc4 dxe5 11. O-O Qe7 12. e4 Nc5 13. Ne1 Rd8 14. Qe2 Nd4 15.
Bxd4 exd4 16. Nd3 Be6 17. Nd2 a4 18. b4 Nxd3 19. cxd3 c5 20. Rab1 b5 21. f4 c4
22. f5 Bxf5 23. dxc4 bxc4 24. Nxc4 d3 25. Qf3 Be6 26. Ne3 Bd4 27. Kh1 Bxe3 28.
Qxe3 Bb3 29. Bf3 Rac8 30. Rf2 Qe5 31. Rd2 Qd4 32. Qxd4 Rxd4 33. Bd1 Rc2 34. Rg2
d2 35. Rg1 Rc1 36. Bxb3 Rxg1+ 37. Kxg1 axb3 38. Rd1 b2 39. Kf2 b1=Q 40. Rxb1
d1=Q 41. Rxd1 Rxd1 42. Ke3 Ra1 43. Kd4 Rxa3 44. b5 Rb3 45. Kc4 Rb2 46. Kc5 Kf8
47. Kc6 Ke7 48. b6 Rc2+ 49. Kb7 Kd7 50. Ka7 Rb2 0-1

[Event "Tradewise Gibraltar Masters 16th"]
[Site "Gibraltar"]
[Date "2018.01.25"]
[Round "3.117"]
[White "Antova, Gabriela"]
[Black "Hamer, Martyn"]
[Result "1-0"]
[WhiteElo "2260"]
[BlackElo "2020"]
[PlyCount "61"]
[EventDate "2018.01.23"]
[EventType "swiss"]
[EventRounds "10"]
[EventCountry "GGB"]
[SourceTitle "BritBase"]
[Source "www.saund.co.uk"]
[SourceDate "2018.02.10"]
[SourceVersion "1"]
[SourceVersionDate "2018.02.10"]
[SourceQuality "1"]

1. d4 h6 2. c4 g5 3. e4 c5 4. d5 d6 5. Nc3 Bg7 6. h4 g4 7. Nge2 h5 8. Be3 Nd7
9. Ng3 Ne5 10. f4 gxf3 11. gxf3 Nf6 12. Be2 Bd7 13. Qd2 Qa5 14. Rg1 O-O-O 15.
a3 Qa6 16. Rc1 Rdg8 17. Nb5 b6 18. Kf2 Ne8 19. Bg5 Bf6 20. Bxf6 Nxf6 21. b4 Rg7
22. Qb2 Rhg8 23. Rb1 Kd8 24. Qc3 Ng6 25. Nxd6 Nf4 26. Bf1 Bh3 27. Ndf5 Rg6 28.
Qe5 Bxf1 29. Qxe7+ Kc8 30. Nd6+ Kb8 31. b5 1-0

[Event "Tradewise Gibraltar Masters 16th"]
[Site "Gibraltar"]
[Date "2018.01.25"]
[Round "3.118"]
[White "Van Zyl-Rudd, Jack"]
[Black "Bryant, Richard B E"]
[Result "1-0"]
[WhiteElo "2197"]
[BlackElo "2016"]
[PlyCount "51"]
[EventDate "2018.01.23"]
[EventType "swiss"]
[EventRounds "10"]
[EventCountry "GGB"]
[SourceTitle "BritBase"]
[Source "www.saund.co.uk"]
[SourceDate "2018.02.10"]
[SourceVersion "1"]
[SourceVersionDate "2018.02.10"]
[SourceQuality "1"]

1. d4 e6 2. c4 f5 3. Nf3 Nf6 4. Nc3 Bb4 5. Qb3 Bxc3+ 6. Qxc3 d6 7. g3 Ne4 8.
Qc2 c6 9. Bg2 Qa5+ 10. Nd2 d5 11. O-O O-O 12. Nxe4 fxe4 13. Bd2 Qd8 14. Bf4 Nd7
15. f3 exf3 16. Rxf3 Nf6 17. Raf1 Bd7 18. Bd6 Re8 19. c5 Qa5 20. Be5 Rf8 21.
Bd6 Rfe8 22. Rxf6 gxf6 23. Rxf6 e5 24. Qc1 exd4 25. Qg5+ Kh8 26. Rf7 1-0

[Event "Tradewise Gibraltar Masters 16th"]
[Site "Gibraltar"]
[Date "2018.01.25"]
[Round "3.119"]
[White "Vilarnovo Caamano, Jose"]
[Black "Pinho, Paulo"]
[Result "0-1"]
[WhiteElo "1981"]
[BlackElo "2186"]
[PlyCount "64"]
[EventDate "2018.01.23"]
[EventType "swiss"]
[EventRounds "10"]
[EventCountry "GGB"]
[SourceTitle "BritBase"]
[Source "www.saund.co.uk"]
[SourceDate "2018.02.10"]
[SourceVersion "1"]
[SourceVersionDate "2018.02.10"]
[SourceQuality "1"]

1. e4 c5 2. Nf3 e6 3. d4 cxd4 4. Nxd4 a6 5. c4 b6 6. a3 Bb7 7. Nc3 d6 8. Be2
Nf6 9. f3 Be7 10. Be3 O-O 11. O-O Nbd7 12. Rc1 Rc8 13. b4 Re8 14. Bf2 Qc7 15.
Na4 Qb8 16. Nb3 Bc6 17. Nd4 Ba8 18. Bg3 Nh5 19. Bf2 Nf4 20. Bg3 Bg5 21. Rc2 h5
22. h4 Nxe2+ 23. Nxe2 Be7 24. Rc1 b5 25. Nb2 Ne5 26. Qb3 Ng6 27. c5 Qa7 28. Bf2
dxc5 29. Ng3 Bxh4 30. bxc5 Nf4 31. Qe3 Bg5 32. Qd4 h4 0-1

[Event "Tradewise Gibraltar Masters 16th"]
[Site "Gibraltar"]
[Date "2018.01.25"]
[Round "3.120"]
[White "Bopp, Thomas"]
[Black "Redondo Flores, David"]
[Result "0-1"]
[WhiteElo "2154"]
[BlackElo "2000"]
[PlyCount "93"]
[EventDate "2018.01.23"]
[EventType "swiss"]
[EventRounds "10"]
[EventCountry "GGB"]
[SourceTitle "BritBase"]
[Source "www.saund.co.uk"]
[SourceDate "2018.02.10"]
[SourceVersion "1"]
[SourceVersionDate "2018.02.10"]
[SourceQuality "1"]

1. d4 d6 2. Nc3 g6 3. e4 Bg7 4. Be2 Nf6 5. h4 h5 6. Nf3 b6 7. Ng5 e6 8. Be3 Bb7
9. Qd2 Nbd7 10. O-O-O a6 11. f3 Qe7 12. Kb1 O-O-O 13. a4 a5 14. Bc4 Nh7 15.
Nxh7 Rxh7 16. Qe2 Nb8 17. Nb5 c6 18. Na3 d5 19. exd5 exd5 20. Bg5 Qxe2 21. Bxe2
f6 22. Bf4 Bf8 23. Bd3 f5 24. Rde1 Kd7 25. g4 Ba6 26. gxh5 Rxh5 27. Bxb8 Bxd3
28. Be5 Ba6 29. Reg1 Be2 30. Rh3 Bxa3 31. bxa3 Rg8 32. Rg5 Ke6 33. Kc1 b5 34.
Bc7 bxa4 35. Bxa5 Kf7 36. Bb4 Rgh8 37. Rg2 Bf1 38. Rhg3 Bxg2 39. Rxg2 Rxh4 40.
Bd6 Rxd4 41. Re2 Re8 42. Rh2 Re1+ 43. Kb2 Ke6 44. Bb4 Rf1 45. Rh6 Rc4 46. Rxg6+
Kf7 47. Rg3 0-1

[Event "Tradewise Gibraltar Masters 16th"]
[Site "Gibraltar"]
[Date "2018.01.25"]
[Round "3.121"]
[White "Pein, Jonathan"]
[Black "Biegel, Thomas"]
[Result "1-0"]
[WhiteElo "2153"]
[BlackElo "1984"]
[PlyCount "81"]
[EventDate "2018.01.23"]
[EventType "swiss"]
[EventRounds "10"]
[EventCountry "GGB"]
[SourceTitle "BritBase"]
[Source "www.saund.co.uk"]
[SourceDate "2018.02.10"]
[SourceVersion "1"]
[SourceVersionDate "2018.02.10"]
[SourceQuality "1"]

1. Nf3 d5 2. g3 c6 3. Bg2 Nf6 4. O-O Bg4 5. d3 Nbd7 6. h3 Bxf3 7. Bxf3 e5 8.
Nd2 Bc5 9. e4 dxe4 10. dxe4 Qc7 11. Nc4 Rd8 12. Qe2 O-O 13. Ne3 g6 14. a4 a5
15. h4 Rfe8 16. Nc4 Nf8 17. Bg5 Be7 18. Be3 N6d7 19. Bg4 Nc5 20. Kg2 Nfd7 21.
f3 Nf6 22. Bh3 Ncd7 23. Qf2 c5 24. c3 Ra8 25. Na3 Qc6 26. b3 b6 27. Rfd1 Red8
28. Ra2 Nf8 29. Rad2 Rxd2 30. Rxd2 Rd8 31. Rxd8 Bxd8 32. Qd2 Be7 33. Nc4 Qc7
34. Qd3 Ne8 35. Qd5 Bd6 36. Bg5 Qb8 37. Nxd6 Qxd6 38. Qxd6 Nxd6 39. Be7 Ne8 40.
Bd8 Nd6 41. Bc7 1-0

[Event "Tradewise Gibraltar Masters 16th"]
[Site "Gibraltar"]
[Date "2018.01.25"]
[Round "3.122"]
[White "De Graaf, Dick"]
[Black "Cramling Bellon, Anna"]
[Result "1-0"]
[WhiteElo "2152"]
[BlackElo "1978"]
[PlyCount "105"]
[EventDate "2018.01.23"]
[EventType "swiss"]
[EventRounds "10"]
[EventCountry "GGB"]
[SourceTitle "BritBase"]
[Source "www.saund.co.uk"]
[SourceDate "2018.02.10"]
[SourceVersion "1"]
[SourceVersionDate "2018.02.10"]
[SourceQuality "1"]

1. e4 c5 2. Nf3 d6 3. d4 cxd4 4. Nxd4 Nf6 5. Nc3 a6 6. Bg5 Nbd7 7. f4 Qc7 8.
Qf3 b5 9. Bd3 Bb7 10. O-O-O g6 11. Rhe1 Bg7 12. Nb3 O-O 13. Qh3 b4 14. Nd5 Nxd5
15. exd5 Nf6 16. f5 Nxd5 17. Bh6 Rac8 18. Bxg7 Kxg7 19. Qh4 Nf6 20. g4 a5 21.
g5 Nh5 22. Nd4 Bd5 23. Nb5 Qb7 24. f6+ exf6 25. gxf6+ Nxf6 26. Nxd6 Qc6 27.
Nxc8 Rxc8 28. Qd4 Kg8 29. Kb1 Bf3 30. Rd2 Nd5 31. Be4 Re8 32. Qxd5 Qxd5 33.
Rxd5 Bxe4 34. Kc1 f5 35. Rxa5 Rc8 36. Re2 Kf7 37. Rb5 Rc4 38. b3 Rd4 39. Rd2
Rxd2 40. Kxd2 Kf6 41. Rxb4 Ke5 42. a4 Bg2 43. a5 f4 44. a6 g5 45. Ke1 Kf5 46.
Kf2 Bc6 47. Rb6 Be4 48. Rh6 Bxc2 49. a7 Be4 50. Rxh7 Kg4 51. Rh8 Bf3 52. a8=Q
Bxa8 53. h3+ 1-0

[Event "Tradewise Gibraltar Masters 16th"]
[Site "Gibraltar"]
[Date "2018.01.25"]
[Round "3.123"]
[White "Maloberti, David"]
[Black "Bozinovic, Boban"]
[Result "1-0"]
[WhiteElo "2148"]
[BlackElo "1972"]
[PlyCount "59"]
[EventDate "2018.01.23"]
[EventType "swiss"]
[EventRounds "10"]
[EventCountry "GGB"]
[SourceTitle "BritBase"]
[Source "www.saund.co.uk"]
[SourceDate "2018.02.10"]
[SourceVersion "1"]
[SourceVersionDate "2018.02.10"]
[SourceQuality "1"]

1. d4 Nf6 2. c4 c5 3. d5 b5 4. cxb5 a6 5. f3 g6 6. e4 d6 7. Nc3 Bg7 8. Bd3 O-O
9. Nge2 Qc7 10. Be3 Nbd7 11. O-O Ne5 12. h3 Nfd7 13. f4 Nxd3 14. Qxd3 c4 15.
Qd2 Nc5 16. Nd4 Bb7 17. f5 axb5 18. Ndxb5 Qc8 19. Bh6 Nd7 20. Bxg7 Kxg7 21.
Qd4+ Kg8 22. f6 Nxf6 23. Nxd6 exd6 24. Rxf6 Ra6 25. Raf1 Qc7 26. Kh2 Rb6 27. e5
Rxb2 28. e6 Qb6 29. Qxb6 Rxb6 30. e7 1-0

[Event "Tradewise Gibraltar Masters 16th"]
[Site "Gibraltar"]
[Date "2018.01.25"]
[Round "3.124"]
[White "Barrenechea Bahamonde, Gustavo"]
[Black "Edvardsen, Ragnar"]
[Result "1/2-1/2"]
[WhiteElo "2127"]
[BlackElo "1968"]
[PlyCount "60"]
[EventDate "2018.01.23"]
[EventType "swiss"]
[EventRounds "10"]
[EventCountry "GGB"]
[SourceTitle "BritBase"]
[Source "www.saund.co.uk"]
[SourceDate "2018.02.10"]
[SourceVersion "1"]
[SourceVersionDate "2018.02.10"]
[SourceQuality "1"]

1. e4 e5 2. Nf3 Nc6 3. d4 exd4 4. c3 dxc3 5. Bc4 Nf6 6. Nxc3 Bb4 7. e5 Bxc3+ 8.
bxc3 Qe7 9. O-O Ng4 10. Bf4 O-O 11. Qe2 d6 12. exd6 Qxe2 13. Bxe2 cxd6 14. Bxd6
Re8 15. Rfe1 h6 16. Bb5 Bd7 17. c4 a6 18. Ba4 Nce5 19. Bxd7 Nxd7 20. h3 Ngf6
21. Ne5 Nxe5 22. Bxe5 Nd7 23. Bd6 b6 24. Kf1 f5 25. Rxe8+ Rxe8 26. Re1 Rxe1+
27. Kxe1 Kf7 28. Kd2 Ke6 29. Bc7 g5 30. Ke3 Ne5 1/2-1/2

[Event "Tradewise Gibraltar Masters 16th"]
[Site "Gibraltar"]
[Date "2018.01.25"]
[Round "3.125"]
[White "Van De Groep, William"]
[Black "Spence, David J"]
[Result "0-1"]
[WhiteElo "1972"]
[BlackElo "2127"]
[PlyCount "100"]
[EventDate "2018.01.23"]
[EventType "swiss"]
[EventRounds "10"]
[EventCountry "GGB"]
[SourceTitle "BritBase"]
[Source "www.saund.co.uk"]
[SourceDate "2018.02.10"]
[SourceVersion "1"]
[SourceVersionDate "2018.02.10"]
[SourceQuality "1"]

1. e4 e6 2. Nf3 d5 3. Nc3 Nf6 4. e5 Nfd7 5. d4 c5 6. dxc5 Nc6 7. Bf4 Nxc5 8.
Be2 Be7 9. O-O g5 10. Bg3 h5 11. h3 Qb6 12. Nd4 h4 13. Bh2 a6 14. Rb1 Ne4 15.
Nxe4 Qxd4 16. Nc3 Bc5 17. Qe1 Bb4 18. Rd1 Qc5 19. a3 Bxc3 20. bxc3 Bd7 21. Qd2
O-O-O 22. Kh1 Be8 23. Qxg5 Qxc3 24. Qc1 Nd4 25. Bg4 Bb5 26. Rfe1 Kb8 27. Re3
Qxc2 28. Qxc2 Nxc2 29. Rc3 Rc8 30. Rb3 Ba4 31. Rbd3 Rc4 32. Rc1 Rhc8 33. Rf3
R8c7 34. Bf4 Nd4 35. Rxc4 dxc4 36. Rc3 Nb5 37. Rc1 c3 38. Bf3 c2 39. Bd2 Nxa3
40. Ra1 Nb1 41. Bc1 Rd7 42. Kh2 b5 43. g3 hxg3+ 44. Kxg3 Rd1 45. Bb2 Nd2 46.
Rc1 Nc4 47. Rxd1 cxd1=Q 48. Bxd1 Bxd1 49. Bd4 b4 50. h4 b3 0-1

[Event "Tradewise Gibraltar Masters 16th"]
[Site "Gibraltar"]
[Date "2018.01.25"]
[Round "3.126"]
[White "Herzwurm, Robert"]
[Black "Ansari, Athar"]
[Result "1/2-1/2"]
[WhiteElo "2123"]
[BlackElo "1919"]
[PlyCount "104"]
[EventDate "2018.01.23"]
[EventType "swiss"]
[EventRounds "10"]
[EventCountry "GGB"]
[SourceTitle "BritBase"]
[Source "www.saund.co.uk"]
[SourceDate "2018.02.10"]
[SourceVersion "1"]
[SourceVersionDate "2018.02.10"]
[SourceQuality "1"]

1. e4 c5 2. Nc3 a6 3. f4 Nc6 4. Nf3 b5 5. g3 g6 6. Bg2 Bg7 7. d3 b4 8. Ne2 e5
9. O-O Nge7 10. c3 O-O 11. fxe5 Nxe5 12. Nxe5 Bxe5 13. d4 cxd4 14. cxd4 Qb6 15.
Be3 d6 16. Qb3 Bg7 17. e5 Rb8 18. d5 Qd8 19. exd6 Qxd6 20. Bf4 Be5 21. Bxe5
Qxe5 22. Rfe1 Nf5 23. Nf4 Qd6 24. Rac1 Bd7 25. Nd3 Rfe8 26. Rxe8+ Rxe8 27. Qxb4
Qxb4 28. Nxb4 Rb8 29. a3 a5 30. Nd3 Ne3 31. Be4 f5 32. Bf3 Bb5 33. Ne5 Re8 34.
Nc6 Nc4 35. Nd4 Ba6 36. d6 Nxd6 37. Rc6 Nb5 38. Rxa6 Nxd4 39. Bd5+ Kg7 40. Rxa5
Re1+ 41. Kf2 Re2+ 42. Kf1 Rxb2 43. h4 Ne2 44. Ra7+ Kf6 45. Rxh7 Nxg3+ 46. Ke1
Re2+ 47. Kd1 Rh2 48. a4 Ne2 49. Bc6 Nc3+ 50. Ke1 Ra2 51. Ra7 Rh2 52. Rh7 Ra2
1/2-1/2

[Event "Tradewise Gibraltar Masters 16th"]
[Site "Gibraltar"]
[Date "2018.01.25"]
[Round "3.127"]
[White "Helin, Mikael"]
[Black "Veltkamp, Gerben"]
[Result "0-1"]
[WhiteElo "1962"]
[BlackElo "2123"]
[PlyCount "62"]
[EventDate "2018.01.23"]
[EventType "swiss"]
[EventRounds "10"]
[EventCountry "GGB"]
[SourceTitle "BritBase"]
[Source "www.saund.co.uk"]
[SourceDate "2018.02.10"]
[SourceVersion "1"]
[SourceVersionDate "2018.02.10"]
[SourceQuality "1"]

1. e4 e5 2. Nc3 Nf6 3. Bc4 Nc6 4. f4 Nxe4 5. Nf3 Nxc3 6. dxc3 Qe7 7. b4 exf4+
8. Kf2 Qf6 9. Qd5 Be7 10. Re1 O-O 11. Re4 Bd6 12. Ng5 Ne5 13. h4 c6 14. Qd4 Bc7
15. Rxf4 Bb6 16. Be2 Qe7 17. Be3 Bxd4 18. cxd4 Ng6 19. Re4 Qf6+ 20. Kg1 d5 21.
h5 dxe4 22. hxg6 Qxg6 23. Kf2 h6 24. Nh3 Bxh3 25. gxh3 Rad8 26. c3 Qf5+ 27. Kg3
Rd6 28. Kh2 Rg6 29. Rf1 Qd5 30. Rf2 Qxa2 31. Bh5 Qa1 0-1

[Event "Tradewise Gibraltar Masters 16th"]
[Site "Gibraltar"]
[Date "2018.01.25"]
[Round "3.128"]
[White "Odeh, Kenneth"]
[Black "Osuna Vega, Enrique"]
[Result "0-1"]
[WhiteElo "1922"]
[BlackElo "2102"]
[PlyCount "44"]
[EventDate "2018.01.23"]
[EventType "swiss"]
[EventRounds "10"]
[EventCountry "GGB"]
[SourceTitle "BritBase"]
[Source "www.saund.co.uk"]
[SourceDate "2018.02.10"]
[SourceVersion "1"]
[SourceVersionDate "2018.02.10"]
[SourceQuality "1"]

1. d4 e6 2. c4 f5 3. Nc3 Nf6 4. Qc2 d5 5. Nf3 c6 6. c5 b6 7. b4 a5 8. Na4 bxc5
9. bxc5 Nbd7 10. h3 Ne4 11. Bf4 Be7 12. e3 O-O 13. Ne5 Nxe5 14. Bxe5 Bf6 15.
Bxf6 Qxf6 16. Bd3 e5 17. Bxe4 fxe4 18. dxe5 Qxe5 19. O-O Bxh3 20. f4 exf3 21.
gxh3 Qg3+ 22. Kh1 f2 0-1

[Event "Tradewise Gibraltar Masters 16th"]
[Site "Gibraltar"]
[Date "2018.01.25"]
[Round "3.129"]
[White "Lochte, Szilvia"]
[Black "Pabalan, Rocky"]
[Result "0-1"]
[WhiteElo "1862"]
[BlackElo "2098"]
[PlyCount "76"]
[EventDate "2018.01.23"]
[EventType "swiss"]
[EventRounds "10"]
[EventCountry "GGB"]
[SourceTitle "BritBase"]
[Source "www.saund.co.uk"]
[SourceDate "2018.02.10"]
[SourceVersion "1"]
[SourceVersionDate "2018.02.10"]
[SourceQuality "1"]

1. d4 b6 2. Bf4 Bb7 3. Nf3 Nf6 4. e3 g6 5. h3 Bg7 6. Be2 O-O 7. c4 c5 8. Nc3 d5
9. dxc5 Ne4 10. Nxe4 dxe4 11. Ne5 Qc7 12. cxb6 axb6 13. Ng4 e5 14. Bh6 Rd8 15.
Qb3 Bxh6 16. Nxh6+ Kg7 17. Ng4 h5 18. Nh2 Na6 19. Qc3 Nc5 20. O-O Qe7 21. f4
exf3 22. Nxf3 f6 23. Qc2 Ne4 24. Rfd1 Qc5 25. Qb3 Ng3 26. Kf2 Nxe2 27. Kxe2 Ba6
28. Rac1 Rxd1 29. Kxd1 Rd8+ 30. Ke1 b5 31. Qc3 bxc4 32. Rd1 Rxd1+ 33. Kxd1 Qd5+
34. Qd2 Qe4 35. Kc1 Bb5 36. Ne1 g5 37. Nc2 Be8 38. Qd6 Qxg2 0-1

[Event "Tradewise Gibraltar Masters 16th"]
[Site "Gibraltar"]
[Date "2018.01.25"]
[Round "3.130"]
[White "Hapala, Elisabeth"]
[Black "Mozelius, Peter"]
[Result "1-0"]
[WhiteElo "2097"]
[BlackElo "1871"]
[PlyCount "91"]
[EventDate "2018.01.23"]
[EventType "swiss"]
[EventRounds "10"]
[EventCountry "GGB"]
[SourceTitle "BritBase"]
[Source "www.saund.co.uk"]
[SourceDate "2018.02.10"]
[SourceVersion "1"]
[SourceVersionDate "2018.02.10"]
[SourceQuality "1"]

1. e4 e5 2. Nf3 Nc6 3. Bb5 Nge7 4. O-O g6 5. c3 Bg7 6. d4 exd4 7. cxd4 a6 8.
Bxc6 dxc6 9. Nc3 O-O 10. Be3 Bg4 11. h3 Bd7 12. Qd2 f5 13. e5 Nd5 14. Bh6 Qe7
15. Rfe1 Be6 16. Na4 b6 17. Rac1 Qd7 18. Bxg7 Kxg7 19. b3 h6 20. Rc2 a5 21.
Rec1 Ne7 22. Nc3 Rac8 23. h4 Rfd8 24. Qe2 Qe8 25. Qe1 Qf7 26. Ne2 Bd5 27. Rc3
a4 28. Nd2 g5 29. hxg5 hxg5 30. f4 g4 31. Qh4 Rh8 32. Qg5+ Kf8 33. Ng3 Qh7 34.
Ndf1 axb3 35. axb3 Qf7 36. b4 b5 37. Ne3 Be6 38. d5 cxd5 39. Rxc7 Rxc7 40. Rxc7
Rg8 41. Qh6+ Ke8 42. Ne2 Qg6 43. Qh4 Qf7 44. Nd4 Bd7 45. Rxd7 Qg7 46. Nexf5 1-0